05377nam a2200649Ia 4500952011400000952011400114952011400228952011400342952010400456952010800560952010900668952010900777952010900886952010900995952010901104952009501213952009501308952010901403952010901512952010901621952010901730952009701839952010901936952010902045952010902154952010202263952011702365952011702482952011702599952011502716952010202831952010302933952010203036952011403138952010303252952011403355952010203469952010203571952011503673952011503788999001703903008004103920020001503961050002103976100004103997245014704038250001804185260005104203300002404254500007804278519001504356519015104371519007804522519008504600650003004685942001204715 00102lcc4070a04b04d2008-12-01l2oHF5693 D53 1999p05 000624r2023-02-08s2016-05-05t1w2012-06-24yLB 00102lcc4070a04b04d2008-12-01l3oHF5693 D53 1999p05 000625r2023-02-08s2016-05-05t2w2012-06-24yLB 00102lcc4070a04b04d2008-12-01l5oHF5693 D53 1999p05 000626r2023-02-08s2016-05-05t3w2012-06-24yLB 00102lcc4070a04b04d2008-12-01l6oHF5693 D53 1999p05 000627r2023-02-08s2016-06-25t4w2012-06-24yLB 00104070a09b09d2007-01-23l1oHF5693 D53p09 000495r2019-01-07s2018-12-15t1w2012-06-26yLB 00104070a09b09d2007-01-23l11m1oHF5693 D53p09 000612r2024-04-15s2016-11-03t2w2012-06-26yLB 00104070a25b25d2009-07-22l2oHF5693 D53 1999p06 000029r2015-11-19s2015-11-19t1w2012-06-26yLB 00104070a22b22d2009-08-03l2oHF5693 D53 1999p06 000030r2017-10-28s2017-10-28t2w2012-06-26yLB 00104070a22b22d2009-07-14l8oHF5693 D53 1999p06 000031r2017-08-24s2017-08-24t3w2012-06-26yLB 00104070a07b07d2008-11-18l1oHF5693 D53 1999p07 001001r2014-04-05s2014-04-05t1w2012-06-26yLB 00104070a07b07d2010-09-28l5oHF5693 D53 1999p07 001002r2017-09-06s2017-08-30t2w2012-06-26yLB 00104070a15b15d2006-08-04l0o650.015 D542Mp15 000090r2017-12-07t1w2012-06-28yLB 00104070a15b15d2006-08-04l0o650.015 D542Mp15 000092r2017-12-07t2w2012-06-28yLB 00104070a13b13d2010-07-16l3oHF5693 D53 1999p13 000154r2015-09-08s2015-09-07t1w2012-09-05yLB 00104070a13b13d2010-07-16l3oHF5693 D53 1999p13 000277r2016-03-29s2016-03-28t2w2012-09-05yLB 00104070a13b13d2010-07-16l4oHF5693 D53 1999p13 000278r2013-11-11s2013-11-08t3w2012-09-05yLB 00104070a13b13d2010-07-16l3oHF5693 D53 1999p13 000279r2014-08-06s2014-08-04t4w2012-09-05yLB 00104070a13b13d2010-07-16l0oHF5693 D53 1999p13 000734r2012-09-05t5w2012-09-05yLB 00104070a14b14d2009-09-24l2oHF5694 D53 1999p14 000113r2014-06-19s2014-06-19t1w2012-10-28yLB 00104070a14b14d2009-09-24l2oHF5694 D53 1999p14 000330r2019-03-19s2019-03-14t2w2012-10-28yLB 00104070a14b14d2009-09-24l4oHF5694 D53 1999p14 000331r2023-06-26s2023-06-22t3w2012-10-28yLB 00102lcc4070a12b12d2008-11-28l0oHF5693 D53 1999p12 000219r2015-04-22t1w2012-11-01yLB 00102lcc4070a12b12d2008-11-28l6m1oHF5693 D53 1999p12 000292r2018-11-10s2018-11-10t7w2012-11-01yLB 00102lcc4070a12b12d2008-11-28l3m2oHF5693 D53 1999p12 000294r2015-04-22s2015-03-27t8w2012-11-01yLB 00102lcc4070a12b12d2008-11-28l2m1oHF5693 D53 1999p12 001400r2016-05-30s2016-05-30t9w2012-11-01yLB 00102lcc4070a12b12d2008-11-28l3oHF5693 D53 1999p12 002855r2017-11-17s2017-11-16t11w2012-11-01yLB 00102lcc4070a13b13d2016-09-09l0oHF5693 D53 1999p13 004242r2016-09-09t6w2016-09-09yLB 00102lcc4070a12b12d2016-11-24l0oHF5693 D53 1999p12 003082r2016-11-24t12w2016-11-24yLB 00102lcc4070a12b12d2016-11-24l0oHF5693 D53 1999p12 000221r2016-11-24t3w2016-11-24yLB 00102lcc4070a12b12d2016-11-24l1oHF5693 D53 1999p12 000220r2017-10-12s2017-10-12t2w2016-11-24yLB 00102lcc4070a12b12d2016-11-24l0oHF5693 D53 1999p12 001925r2016-11-24t10w2016-11-24yLB 00102lcc4070a12b12d2016-11-24l3oHF5693 D53 1999p12 000241r2017-05-25s2017-05-25t6w2016-11-24yLB 00102lcc4070a12b12d2016-11-24l0oHF5693 D53 1999p12 000222r2016-11-24t4w2016-11-24yLB 00102lcc4070a12b12d2016-11-24l0oHF5693 D53 1999p12 000223r2016-11-24t5w2016-11-24yLB 00102lcc4070a04b04d2017-04-12l2oHF5693 D53 1999p04 000889r2019-02-11s2019-02-11t1w2017-04-12yLB 00102lcc4070a04b04d2017-04-12l3oHF5693 D53 1999p04 000890r2024-02-29s2024-02-22t2w2017-04-12yLB c66225d66225120626s1999 mx 000 0 s d a970102525304aHF5693bD53 1999 aDíaz Mata, Alfredod1952 - eautor10aMatemáticas financierasb/ Alfredo Díaz Mata, Victor Manuel Aguilera Gómez; revisión tecnica, Jorge Cardiel Hurtado, Mario Cruz Vargas a3a. edición aMéxicob: McGraw Hill Interamericanac, 1999 aviii, 467 páginas aContiene: Índice de contenido Prefacio Apéndice Índice analítico axxxxd1234 aMaterial Complementariod(12 000241, 12 000222, 12 000223, 12 000219, 12 001925, 12 001400, 12 000220, 12 000221, 12 003082, 12 000292, 12 002855) aMaterial Complementario / d(05 000624, 05 000625, 05 000626, 05 000627)  aMaterial Complementario /bAdministración /d(06 000029, 06 000030, 06 000031)14aMATEMÁTICAS FINANCIERAS cLB2lcc